03401nab a2200481uuc4500001000800000005001700008008004100025035001200066035002100078040001300099041000800112100003900120245011400159520150200273650002201775650003401797650003301831650004101864700005601905700004801961700003502009700005302044700004202097700003802139700003902177700003502216700003702251700003202288700004102320700004402361700003802405700003702443700003702480700003602517700003802553700003702591700003802628700004302666700004802709773013302757942001002890999001902900119558920240202094759.0100408e20090901 spa  a1195589 a(OCoLC)820534778 ccomduadb aspa10aOchoa, Carlos D.4auteaut959266610aEpidemiología de las vasculitis primarias en Colombia y su relación con lo informado para Latinoamérica3 aLas vasculitis primarias se expresan de forma variable entre pacientes y entre regiones, con frecuencias variables a través del mundo. Su incidencia promedio está calculada en 0,3 a 20 casos por millón de habitantes. Nosotros describimos la frecuencia de las vasculitis primarias en Colombia y la comparamos con lo informado en otros países de Latinoamérica (LA). Métodos: se revisó lo publicado en la literatura de vasculitis primaria en Colombia y en LA desde 1945 hasta 2007 en OLD Medline, Pub Med, BIREME, SciELO Colombia, LILACS. FEPAFEN, incluyendo publicaciones en inglés, español y portugués. La literatura incluye la información publicada del Hospital San Juan de Dios, Bogotá, Colombia y casos sin publicación enviados directamente por los autores. Nosotros calculamos el porcentaje para todos los casos que fueron informados para Colombia. Resultados: se identificaron 857 casos de vasculitis primaria en Colombia. La arteritis de Takayasu fue la vasculitis más frecuente en un 13,3% (114 casos) seguida de la enfermedad de Buerger en 11,2% (96 casos), las vasculitis cutáneas primarias y la poliarteritis nodosa en un 10% (86 casos) cada una. En niños, la vasculitis más frecuente fue la púrpura de Henoch Schönlein en un 24% (206 casos). En Latinoamérica se publicaron 177 artículos con 1605 casos informados. Se evidenció mayor presencia de arteritis de Takayasu en México y Brasil, y de poliangeítis microscópica en Chile y Perú. aVasculitis923993 aArteritis de Takayasu9167102 aPoliarteritis nodosa9160037 aPurpura de Schoenlein-Henoch915111410aRamírez Rubio, Fabián Alberto4auteaut954211110aQuintana López, Gerardo4auteaut946459110aToro, Carlos4auteaut940319110aCañas Davila, Carlos Alberto4auteaut928554510aOsio, Luis Fernando4auteaut958781610aCantillo, Jorge4auteaut927740010aRondon, Federico4auteaut959266710aCoral, Paula4auteaut960960510aChalem, Philip4auteaut960960610aVásquez, Gloria4auteaut10aUribe Uribe, Oscar4auteaut927552910aRamirez, Luis Alberto4auteaut944117110aQuintana, Mario4auteaut960960710aArana, Beatriz4auteaut942196710aDomiguez, Aura4auteaut927740310aValle, Rafael4auteaut960960810aCandia, Liliana4auteaut960960910aMendez, Odilio4auteaut927802610aChalem, Monique4auteaut953405010aRestrepo, Jose Felix4auteaut954100610aIglesias Gamarra, Antonio4auteaut95051410 tRevista Colombiana de Reumatología (Bogotá)gVolumen 16, Número 03, Septiembre 2009, p. 248-263w319250x0121-81230102143 cARIMP c548236d548236